书目信息 |
| 题名: |
立体声盒式录音机电路图集
|
|
| 作者: | ;计量出版社编辑部 , 电子工业部通信广播电视工业管理局质量处 编 | |
| 分册: | ||
| 出版信息: | 北京 计量出版社 1985 |
|
| 页数: | 204页 | |
| 开本: | 38cm | |
| 丛书名: | ||
| 单 册: | ||
| 中图分类: | TN912.22-64 , TN912.26-64 | |
| 科图分类: | ||
| 主题词: | 立体声录音机:盒式磁带录音机-电路图 , 盒式磁带录音机:立体声录音机-电路图 , 电路图-立体声录音机:盒式磁带录音机 | |
| 电子资源: | ||
| ISBN: | ||
| 000 | 01131nam0 2200289 45 | |
| 001 | 0185020369 | |
| 005 | 20061125144751.54 | |
| 010 | @dCNY8.50 | |
| 091 | @aCN@b15210.476 | |
| 100 | @a19900921d1985 em y0chiy0121 ea | |
| 101 | 0 | @achi |
| 102 | @aCN@b110000 | |
| 105 | @aa z 000yy | |
| 200 | 10 | @a立体声盒式录音机电路图集@Ali ti sheng he shi lu yin ji dian lu tu ji@e全国第二届录音机质量评比产品@f计量出版社编辑部, 电子工业部通信广播电视工业管理局质量处编 |
| 210 | @a北京@c计量出版社@d1985 | |
| 215 | @a204页@d38cm | |
| 517 | 1 | @a全国第二届录音机质量评比产品@Aquan guo di er jie lu yin ji zhi liang ping bi chan pin |
| 606 | @a立体声录音机:盒式磁带录音机-电路图 | |
| 606 | @a盒式磁带录音机:立体声录音机-电路图 | |
| 606 | @a电路图-立体声录音机:盒式磁带录音机 | |
| 690 | @aTN912.22-64@v3 | |
| 690 | @aTN912.26-64@v3 | |
| 711 | 02 | @a计量出版社编辑部@Aji liang chu ban she bian ji bu@4编 |
| 711 | 02 | @a电子工业部通信广播电视工业管理局质量处@Adian zi gong ye bu tong xin guang bo dian shi gong ye guan li ju zhi liang chu@4编 |
| 801 | 2 | @aCN@bNLC@c20061125 |
| 801 | 0 | @aCN@bTSSF |
| 905 | @a10447@dTN912.26-64@e18 | |
| 立体声盒式录音机电路图集:全国第二届录音机质量评比产品/计量出版社编辑部, 电子工业部通信广播电视工业管理局质量处编.-北京:计量出版社,1985 |
| 204页;38cm |
| ISBN :CNY8.50 |
| ● |
| 相关链接 |
|
|
|
|
正题名:立体声盒式录音机电路图集
索取号:TN912.26-64/18
 
预约/预借
| 序号 | 登录号 | 条形码 | 馆藏地/架位号 | 状态 | 备注 |
| 1 | 0147577 | 001323525 | 第二样本阅览室/ [索取号:TN912.26-64/18] | 在馆 |